| 000 | 00376nam a2200133Ia 4500 | ||
|---|---|---|---|
| 008 | 240719s9999 xx 000 0 und d | ||
| 041 | _aeng | ||
| 082 | _a823 MIS | ||
| 100 | _aMissal, Kevin | ||
| 245 | _aDharmayoddha Kalki Avatar Of Vishnu | ||
| 260 |
_aNew Delhi _bFingerprint Publishing _c2019 |
||
| 300 | _a461.; P 23 Cm. | ||
| 520 | _aGifted By : IMT Faculty Dr. Pawan Jain | ||
| 999 |
_c41272 _d41272 |
||